| 000 | 00759nam a22002417a 4500 | ||
|---|---|---|---|
| 003 | DO-SdBNP | ||
| 005 | 20240530073924.0 | ||
| 007 | ta | ||
| 008 | 210225e2020 dr 0 00er0 eng d0f dspa | ||
| 020 | _a9789945095463 | ||
| 040 |
_aDO-SdBNP _bspa _cBNPHU |
||
| 082 | 4 |
_aRD863.44 _bR628e _222 |
|
| 100 | 1 |
_aRoa Ogando, Gerardo _974487 |
|
| 245 | 1 | 0 |
_aEl regreso de Justin / _cGerardo Augusto Roa Ogando. |
| 260 |
_aSanto Domingo : _bSoto Impresora, _c2020. |
||
| 300 |
_a187 p. ; _c23 cm. |
||
| 500 | _aIncluye datos biográficos del autor en la solapa de la cubierta. | ||
| 590 | _aInventariado, 2021 /LP | ||
| 650 | 0 |
_aNovela dominicana _9223 |
|
| 650 | 4 |
_aLiteratura dominicana _978503 |
|
| 910 | _aValidado. Control de calidad MFF | ||
| 942 |
_2ddc _cLBS1 |
||
| 999 |
_c49453 _d49453 |
||